| 000 | 00536nam a2200193 4500 | ||
|---|---|---|---|
| 003 | OSt | ||
| 005 | 20240620054252.0 | ||
| 006 | a | ||
| 008 | 240620b |||||||| |||| 00| 0 eng d | ||
| 020 | _a9814045675 | ||
| 040 |
_aDWCL-Main lib. _cOC |
||
| 082 | _aCirc. 158.2 Y46w 2002 | ||
| 100 | _aYeo, Anthony | ||
| 245 | _aWhen mourning breaks : tales of hope and healing / | ||
| 260 |
_aIndiana : _bAPECA Publications, _cc2002. |
||
| 300 |
_ax, _b163 pages ; _c20 cm. |
||
| 650 | _a1. Self-realization. | ||
| 942 |
_2ddc _n0 _cBK-CIRC _kCirc. |
||
| 999 |
_c977 _d977 |
||